000 00298nam a22001337a 4500
003 SGT
082 _a615
_bH14K
100 _aKUMAR,ABHIMANYU,ED
245 _aHERBAL WEALTH OF UTTARAKHAND
260 _aDELHI
_bMINISTRY OF AYUSH
_c2014
300 _a536
650 _aAYURVEDA HARBAL
942 _2ddc
_cBK
999 _c8652
_d8652